|
|
|
|
| LEADER |
00000cam a2200000 7i4500 |
| 001 |
0000002549 |
| 005 |
20240925.0 |
| 008 |
991130 enk a eng |
| 020 |
|
|
|a 0077078926
|
| 040 |
|
|
|a INS
|b eng
|e rda
|
| 090 |
0 |
0 |
|a HD38.2
|b .S25 1994
|
| 100 |
1 |
|
|a Salisbury, Frank S. ,
|e author
|
| 245 |
1 |
0 |
|a Developing managers as coaches :
|b a trainers guide
|c Frank S. Salisbury
|
| 264 |
|
1 |
|a London :
|b McGraw-Hill Book Company
|c 1994
|
| 300 |
|
|
|a xviii, 136 pages :
|b illustrations ;
|c 25 cm.
|
| 336 |
|
|
|a text
|2 rdacontent
|
| 337 |
|
|
|a unmediated
|2 rdamedia
|
| 338 |
|
|
|a volume
|2 rdacarrier
|
| 500 |
|
|
|a Includes index
|
| 650 |
|
0 |
|a Coaches
|
| 650 |
|
0 |
|a Employees
|x Training of
|
| 650 |
|
0 |
|a Training
|
| 999 |
|
|
|a 0000005611
|b BOOK
|c Open Shelf
|e Default branch
|